Readings in econometric theory / (Record no. 308)

MARC details
000 -LEADER
fixed length control field 00634nam a22001817a 4500
008 - FIXED-LENGTH DATA ELEMENTS--GENERAL INFORMATION
fixed length control field 111125t xxu||||| |||| 00| 0 eng d
020 ## - INTERNATIONAL STANDARD BOOK NUMBER
International Standard Book Number 870810049
050 ## - LIBRARY OF CONGRESS CALL NUMBER
Classification number HB74.M3D6
245 ## - TITLE STATEMENT
Title Readings in econometric theory /
Statement of responsibility, etc. edited by J. Malcolm Dowling and Fred R. Glahe
260 ## - PUBLICATION, DISTRIBUTION, ETC.
Place of publication, distribution, etc. Boulder:
Name of publisher, distributor, etc. Colorado Associated University Press,
Date of publication, distribution, etc. c1970.
300 ## - PHYSICAL DESCRIPTION
Extent xxi, 560 p.:
Other physical details ill.;
Dimensions 26cm.
500 ## - GENERAL NOTE
General note Includes index.
505 ## - FORMATTED CONTENTS NOTE
Formatted contents note Contents: Methodology -- Single equations -- Simultaneous equations -- Small sample properties.
650 ## - SUBJECT ADDED ENTRY--TOPICAL TERM
Topical term or geographic name entry element Econometric.
700 ## - ADDED ENTRY--PERSONAL NAME
Personal name Dowling, Malcolm J.
700 ## - ADDED ENTRY--PERSONAL NAME
Personal name Glahe, Fred R.
942 ## - ADDED ENTRY ELEMENTS (KOHA)
Source of classification or shelving scheme Library of Congress Classification
Koha item type Books
Holdings
Withdrawn status Lost status Source of classification or shelving scheme Damaged status Not for loan Home library Current library Shelving location Date acquired Total Checkouts Full call number Barcode Date last seen Price effective from Koha item type
    Library of Congress Classification     WISCONSIN INTERNATIONAL UNIVERSITY COLLEGE, GHANA - MAIN LIBRARY WISCONSIN INTERNATIONAL UNIVERSITY COLLEGE, GHANA - MAIN LIBRARY General Stacks 25/11/2011   HB74.M3D6 841/11 25/11/2011 25/11/2011 Books

If you have any concerns or questions; kindly contact the library


© Powered by WIUC ICT DIRECTORATE